Engineering Mathematics - II (Record no. 50263)

MARC details
000 -LEADER
fixed length control field 00370nam a2200145Ia 4500
008 - FIXED-LENGTH DATA ELEMENTS--GENERAL INFORMATION
fixed length control field 220530s9999 xx 000 0 und d
041 ## - LANGUAGE CODE
Language code of text/sound track or separate title eng
082 ## - DEWEY DECIMAL CLASSIFICATION NUMBER
Classification number 510
Item number DAS
100 ## - MAIN ENTRY--PERSONAL NAME
Personal name Dass H k
9 (RLIN) 55143
245 ## - TITLE STATEMENT
Title Engineering Mathematics - II
260 ## - PUBLICATION, DISTRIBUTION, ETC. (IMPRINT)
Place of publication, distribution, etc. New Delhi
Name of publisher, distributor, etc. S Chand Publishers
Date of publication, distribution, etc. 2009
300 ## - PHYSICAL DESCRIPTION
Other physical details 483P
-- PB
700 ## - ADDED ENTRY--PERSONAL NAME
Personal name Verma Rama
9 (RLIN) 55144
906 ## - LOCAL DATA ELEMENT F, LDF (RLIN)
a 47.5
b ALIED
Holdings
Withdrawn status Lost status Damaged status Not for loan Home library Current library Date acquired Vendor Cost, normal purchase price Total Checkouts Full call number Barcode Date last seen Cost, replacement price Bill Date Koha item type Original Barcode
        Cummins College of Engineering for Women Nagpur Cummins College of Engineering for Women Nagpur 08/08/2011 S. Chand and Co 190.00   510/DAS CEWN-BB-82 30/05/2022 142.50 30/05/2022 Book Bank B00082